000 00521nam a2200169 i 4500
001 66261
003 ES-MaACL
005 20230906165600.0
007 t|
008 040130s1960 sp ||||1| spa d
100 1 _aGalbraith, John Kenneth.
_953345
245 1 3 _aLa sociedad opulenta /
_cpor John Kenneth Galbraith ; [versión castellana por Carlos Grau Petit].
260 _aBarcelona :
_bAriel,
_c[1960]
300 _a347 p. ;
_c25 cm.
700 1 _aGrau Petit, Carlos.
_959758
852 _aES-MaACL
_jC-20493
_bR.48879
999 _c66261
_d66261